LEADER 00537nam a2200181 i 4500 001 991004272637107536 005 20230426162438.0 008 200423s|||| it ||| | ita 040 $aBibl. Interfacoltà T. Pellegrino$bita 082 04$a858 100 1 $aCavallotti, Felice$0134853 245 10$aMarcia di Leonida /$cFelice Cavallotti 260 $aMilano :$bLa Poligrafica,$c[1880] 300 $a22 p. :$bill. ;$c21 cm 650 4$aPoesia politica 912 $a991004272637107536 996 $aMarcia di Leonida$9587671 997 $aUNISALENTO